[Event "Bad Wiessee Senioren Cup 8th"]
[Site "Bad Wiessee"]
[Date "2019.05.17"]
[Round "7"]
[White "Stegmaier, Erika"]
[Black "Flockerzi, Armin"]
[Result "0-1"]
[WhiteElo "1431"]
[BlackElo "1721"]
[PlyCount "62"]
[EventDate "2019.05.11"]
[EventType "swiss"]
[EventRounds "9"]
[EventCountry "GER"]
[SourceTitle "EXT 2020"]
[Source "ChessBase"]
[SourceDate "2019.10.17"]
[SourceVersion "1"]
[SourceVersionDate "2019.10.17"]
[SourceQuality "1"]

1. c4 e5 2. Nc3 d6 3. g3 c6 4. Bg2 Nf6 5. e3 Be7 6. Nge2 Be6 7. b3 Nbd7 8. 0-0 Nc5 9. d4 Ncd7 10. Bb2 Bf5 11. e4 Bg6 12. Rc1 0-0 13. d5 c5 14. f3 h6 15. Na4 Nh7 16. a3 f5 17. exf5 Bxf5 18. b4 b6 19. bxc5 bxc5 20. Nec3 a6 21. Ne4 Rb8 22. Bc3 Ng5 23. Nxg5 Bxg5 24. Bd2 Bf6 25. Nc3 Bd3 26. Ne2 Qe7 27. Be3 e4 28. fxe4 Bxe4 29. Bxe4 Qxe4 30. Qd2 Rfe8 31. Kf2 Rb2 0-1

[Event "Regionalliga Sued 1718 (Women)"]
[Site "Germany"]
[Date "2018.01.30"]
[Round "4.4"]
[White "Staudacher, Julia"]
[Black "Stegmaier, Erika"]
[Result "0-1"]
[WhiteElo "870"]
[BlackElo "1477"]
[PlyCount "114"]
[EventDate "2017.10.15"]
[EventType "team-tourn"]
[EventRounds "5"]
[EventCountry "GER"]
[SourceTitle "CBM 183 Extra"]
[Source "ChessBase"]
[SourceDate "2018.04.19"]
[SourceVersion "1"]
[SourceVersionDate "2018.04.19"]
[SourceQuality "1"]
[WhiteTeam "Forstenried (W) II"]
[BlackTeam "Neuperlach (W)"]
[WhiteTeamCountry "GER"]
[BlackTeamCountry "GER"]

1. e4 c5 2. Nf3 Nc6 3. b3 e6 4. Bd3 Nf6 5. 0-0 Be7 6. Bb2 0-0 7. Qe2 d6 8. e5 dxe5 9. Nxe5 Nxe5 10. Qxe5 Bd6 11. Qe2 Re8 12. Bc4 a6 13. d3 b5 14. Qf3 Rb8 15. Nd2 bxc4 16. Nxc4 Be7 17. Rae1 Bb7 18. Qe2 Qd5 19. f3 Nh5 20. Qe3 Bg5 21. Qf2 Bf6 22. Bxf6 Nxf6 23. Re2 h6 24. Rfe1 Nh5 25. Re5 Qd4 26. Rxh5 Rbd8 27. Rxc5 Qf6 28. Rce5 Bd5 29. R5e3 Bxc4 30. bxc4 Qb2 31. a4 Qa3 32. Qe2 Qxa4 33. Rd1 Qc6 34. h3 a5 35. Ra1 a4 36. Qd2 Ra8 37. Qc3 Reb8 38. f4 Rb3 39. Qd4 Rb4 40. Rg3 g6 41. Rg4 a3 42. Qc3 Qc5+ 43. Kf1 a2 44. Ke2 Qb6 45. h4 h5 46. Rg5 Rb1 47. Rb5 Rxb5 48. cxb5 Qxb5 49. Qe1 Qc6 50. g3 Qxc2+ 51. Qd2 Qb3 52. Qc1 Rd8 53. Qd1 Qb2+ 54. Ke3 Rc8 55. Qa4 Qxa1 56. d4 Qe1+ 57. Kd3 Rc3# 0-1

[Event "Bayern-ch (Women)"]
[Site "Rosenheim"]
[Date "2017.08.20"]
[Round "1"]
[White "Stegmaier, Erika"]
[Black "Homfeldt, Maren"]
[Result "1-0"]
[WhiteElo "1487"]
[BlackElo "1247"]
[PlyCount "65"]
[EventDate "2017.08.20"]
[EventType "tourn"]
[EventRounds "10"]
[EventCountry "GER"]
[SourceTitle "EXT 2019"]
[Source "ChessBase"]
[SourceDate "2018.10.10"]
[SourceVersion "1"]
[SourceVersionDate "2018.10.10"]
[SourceQuality "1"]

1. c4 d6 2. Nc3 a6 3. g3 e6 4. Bg2 Ne7 5. d4 g6 6. e4 Bg7 7. Nge2 b6 8. e5 d5 9. cxd5 exd5 10. Nf4 Bb7 11. 0-0 h6 12. Re1 0-0 13. Qc2 Kh7 14. Bf1 c6 15. Bd3 Qe8 16. Nh5 Bc8 17. Nf6+ Bxf6 18. exf6 Qd7 19. fxe7 Re8 20. Bf4 Rxe7 21. Be5 a5 22. Re3 Na6 23. a3 Ra7 24. Rae1 Qe8 25. Bf6 Re6 26. Rxe6 Bxe6 27. Re3 Nc7 28. Ne2 Qd7 29. Nf4 Bf5 30. Re7 Bxd3 31. Qxd3 Qf5 32. Rxf7+ Kg8 33. Rg7+ 1-0

[Event "Bayern-ch (Women)"]
[Site "Rosenheim"]
[Date "2017.08.20"]
[Round "1"]
[White "Stegmaier, Erika"]
[Black "Milak, Adela"]
[Result "0-1"]
[WhiteElo "1487"]
[BlackElo "1641"]
[PlyCount "164"]
[EventDate "2017.08.20"]
[EventType "tourn"]
[EventRounds "10"]
[EventCountry "GER"]
[SourceTitle "EXT 2019"]
[Source "ChessBase"]
[SourceDate "2018.10.10"]
[SourceVersion "1"]
[SourceVersionDate "2018.10.10"]
[SourceQuality "1"]

1. c4 e5 2. Nc3 Nf6 3. g3 d5 4. cxd5 Nxd5 5. Bg2 Nb6 6. d3 Nc6 7. e3 Bc5 8. Nge2 Bg4 9. Qc2 Nb4 10. Qd2 Nxd3+ 11. Kf1 Nc4 12. Qc2 0-0 13. Ne4 Nb4 14. Qb3 Be6 15. Qc3 Qd1+ 16. Qe1 Qxe1+ 17. Kxe1 Nc2+ 18. Kf1 Rad8 19. N2c3 Bb4 20. Rb1 c6 21. Ke2 Rd7 22. b3 N4a3 23. Bxa3 Nxa3 24. Rbd1 Rfd8 25. Rxd7 Rxd7 26. Rd1 f5 27. Ng5 Rxd1 28. Nxd1 Bf7 29. Nb2 Bg6 30. Nd3 Be7 31. Nh3 Bd6 32. f3 Nb5 33. Kd2 h6 34. Nhf2 Kf7 35. Nb2 Bb4+ 36. Kd3 f4+ 37. e4 fxg3 38. hxg3 Be1 39. Ke2 Bc3 40. Nc4 b6 41. Nd3 Kf6 42. f4 Bf7 43. Ke3 Bd4+ 44. Kd2 exf4 45. gxf4 Be8 46. e5+ Ke7 47. Bf3 h5 48. a4 Nc3 49. Nd6 Bd7 50. Bxh5 Nd5 51. Bg6 Be3+ 52. Kc2 Nxf4 53. Nxf4 Bxf4 54. Nc4 b5 55. axb5 cxb5 56. Na3 Bxe5 57. Bd3 a6 58. Nb1 Kf6 59. Nd2 Bd4 60. Ne4+ Ke5 61. Ng3 Bg4 62. Ne4 Be3 63. Kc3 a5 64. Nd2 Bd4+ 65. Kc2 Bd7 66. Nf3+ Kd5 67. Bg6 Bf6 68. Kd3 Bc6 69. Be4+ Kd6 70. Bxc6 Kxc6 71. Nd2 a4 72. bxa4 bxa4 73. Kc4 a3 74. Kb3 Be7 75. Nf3 Kd5 76. Nh2 Ke4 77. Ng4 Kf4 78. Nf2 Kf3 79. Nd3 Bd6 80. Ne1+ Ke2 81. Ng2 g5 82. Ka2 Kf2 0-1

[Event "Bayern-ch (Women)"]
[Site "Bad Griesbach"]
[Date "2016.08.25"]
[Round "7"]
[White "Homfeldt, Claudia Laura"]
[Black "Stegmaier, Erika"]
[Result "1-0"]
[WhiteElo "1515"]
[BlackElo "1554"]
[PlyCount "113"]
[EventDate "2016.08.21"]
[EventType "swiss"]
[EventRounds "9"]
[EventCountry "GER"]
[SourceTitle "EXT 2022"]
[Source "ChessBase"]
[SourceDate "2021.10.06"]
[SourceVersion "1"]
[SourceVersionDate "2021.10.06"]
[SourceQuality "1"]

1. e4 c5 2. Nc3 e6 3. Qe2 Nc6 4. g3 Nf6 5. Bg2 Be7 6. Nf3 d6 7. 0-0 a6 8. d3 0-0 9. a3 Rb8 10. Be3 Qc7 11. d4 cxd4 12. Nxd4 Ne5 13. f4 Nc4 14. Bc1 Bd7 15. e5 dxe5 16. fxe5 Qxe5 17. Qxc4 Rbc8 18. Qd3 Bc5 19. Nce2 Bb5 20. c4 Bxc4 21. Qxc4 b5 22. Qd3 Qd6 23. Kh1 e5 24. Rxf6 Qxf6 25. Nf3 Rcd8 26. Qc2 h6 27. Qxc5 Rd1+ 28. Neg1 e4 29. Qf2 exf3 30. Qxf3 Qd6 31. Bf4 Rxg1+ 32. Rxg1 Qe6 33. Qe4 Qd7 34. Qd5 Qc8 35. Rc1 Qg4 36. Bf3 Qg6 37. Bh5 Qf6 38. Be5 Qg5 39. Bxf7+ Rxf7 40. Rf1 Qe7 41. Rxf7 Qxf7 42. Qxf7+ Kxf7 43. h4 g6 44. Kg2 Ke6 45. Bc3 Kf5 46. Kf3 h5 47. Bd4 a5 48. b3 a4 49. bxa4 bxa4 50. Be3 Ke5 51. g4 hxg4+ 52. Kxg4 Kf6 53. Bd4+ Kf7 54. Kg5 Kg8 55. Kxg6 Kf8 56. h5 Kg8 57. h6 1-0

[Event "Bayern-ch (Women)"]
[Site "Bad Griesbach"]
[Date "2016.08.22"]
[Round "2"]
[White "Stegmaier, Erika"]
[Black "Zwetz, Anita"]
[Result "0-1"]
[WhiteElo "1554"]
[BlackElo "1842"]
[PlyCount "102"]
[EventDate "2016.08.21"]
[EventType "swiss"]
[EventRounds "9"]
[EventCountry "GER"]
[SourceTitle "EXT 2022"]
[Source "ChessBase"]
[SourceDate "2021.10.06"]
[SourceVersion "1"]
[SourceVersionDate "2021.10.06"]
[SourceQuality "1"]

1. c4 e6 2. Nc3 d5 3. cxd5 exd5 4. d4 Nf6 5. g3 c6 6. Bg2 Bd6 7. Nf3 Nbd7 8. 0-0 0-0 9. Re1 Re8 10. Qc2 h6 11. Nh4 Nf8 12. Bd2 Ne6 13. e4 dxe4 14. Nxe4 Bf8 15. Nxf6+ Qxf6 16. Bc3 Qg5 17. Nf3 Qh5 18. Rad1 f6 19. Nh4 Nc7 20. Bf3 Qf7 21. Be4 f5 22. Nxf5 Rxe4 23. Nxh6+ gxh6 24. Qxe4 Bf5 25. Qe3 Re8 26. Qd2 Rxe1+ 27. Rxe1 Nd5 28. a3 Bh3 29. f4 c5 30. Qe2 Nxc3 31. bxc3 cxd4 32. cxd4 Qd5 33. Qe4 Qxe4 34. Rxe4 Bxa3 35. Re8+ Kf7 36. Re5 Bb2 37. Rd5 Be6 38. Rd8 Ke7 39. Rb8 Bxd4+ 40. Kg2 Bd5+ 41. Kh3 a5 42. f5 a4 43. Ra8 Bc6 44. Kg4 b5 45. Ra6 Kd7 46. h4 b4 47. Kh5 b3 48. Kg6 b2 49. Kxh6 b1Q 50. g4 Qb8 51. Kg5 Qd8+ 0-1

[Event "Bayern-ch (Women)"]
[Site "Rosenheim"]
[Date "2015.08.22"]
[Round "4"]
[White "Lorenz, Oda"]
[Black "Stegmaier, Erika"]
[Result "1-0"]
[WhiteElo "1805"]
[BlackElo "1619"]
[PlyCount "183"]
[EventDate "2015.08.22"]
[EventType "tourn"]
[EventRounds "9"]
[EventCountry "GER"]
[SourceTitle "EXT 2019"]
[Source "ChessBase"]
[SourceDate "2018.10.10"]
[SourceVersion "1"]
[SourceVersionDate "2018.10.10"]
[SourceQuality "1"]

1. e4 g6 2. d4 Bg7 3. Nc3 e6 4. Be3 Ne7 5. Bd3 d6 6. Qd2 Nbc6 7. Nge2 a6 8. a3 0-0 9. Bh6 b5 10. Bxg7 Kxg7 11. f4 Rb8 12. d5 exd5 13. exd5 Na7 14. 0-0 c6 15. dxc6 Naxc6 16. Ne4 Bf5 17. N2g3 d5 18. Qc3+ d4 19. Qc5 Qb6 20. Qxb6 Rxb6 21. Nxf5+ Nxf5 22. Nc5 Nce7 23. Nd7 Rb7 24. Nxf8 Kxf8 25. Rae1 Rc7 26. Re4 Rd7 27. Re5 Ne3 28. Rf3 Kg7 29. h3 N7d5 30. g4 h6 31. g5 hxg5 32. Rxg5 Re7 33. Re5 Rd7 34. f5 gxf5 35. Bxf5 Nxf5 36. Rexf5 Ne3 37. Rg3+ Kf8 38. Rc5 Rd8 39. b3 Nd5 40. Kf1 Nc3 41. Rd3 Ne4 42. Rh5 Rd6 43. Rh4 Rf6+ 44. Ke1 Ng5 45. Ke2 Re6+ 46. Kf1 Rf6+ 47. Kg2 Ne6 48. Rf3 Rg6+ 49. Rg4 Rh6 50. h4 Rh5 51. Re4 Rh6 52. Kf2 Kg7 53. Rg4+ Kf8 54. Ke2 Rh5 55. Re4 Kg7 56. Kd2 Rd5 57. c3 dxc3+ 58. Kxc3 a5 59. Rg4+ Kf8 60. Rd3 Rc5+ 61. Kd2 Rf5 62. Rc3 Rd5+ 63. Ke3 Nc5 64. Rg5 Rxg5 65. hxg5 Ne6 66. Rc2 Ke7 67. Ke4 Nxg5+ 68. Kd5 Kd7 69. Rf2 Kc7 70. Rf5 Nh3 71. Rxf7+ Kb8 72. Kc6 b4 73. a4 Ng5 74. Rf5 Ne6 75. Kb6 Kc8 76. Kxa5 Nd4 77. Rc5+ Kb7 78. Kxb4 Kb6 79. Rc8 Kb7 80. Rc4 Ne6 81. Kb5 Nd8 82. a5 Ne6 83. b4 Ka7 84. Rc6 Nd4+ 85. Kc5 Nxc6 86. Kxc6 Ka6 87. Kc5 Ka7 88. b5 Kb7 89. Kd6 Kb8 90. Kc6 Ka8 91. b6 Kb8 92. b7 1-0

[Event "Bayern-ch (Women)"]
[Site "Rosenheim"]
[Date "2015.08.22"]
[Round "2"]
[White "Milak, Adela"]
[Black "Stegmaier, Erika"]
[Result "0-1"]
[WhiteElo "1659"]
[BlackElo "1619"]
[PlyCount "94"]
[EventDate "2015.08.22"]
[EventType "tourn"]
[EventRounds "9"]
[EventCountry "GER"]
[SourceTitle "EXT 2019"]
[Source "ChessBase"]
[SourceDate "2018.10.10"]
[SourceVersion "1"]
[SourceVersionDate "2018.10.10"]
[SourceQuality "1"]

1. e4 c5 2. Nf3 Nc6 3. c3 a6 4. d4 cxd4 5. Nxd4 e6 6. g3 d6 7. Bg2 Qc7 8. Be3 Nf6 9. Nd2 Be7 10. 0-0 0-0 11. Rc1 e5 12. Nf5 Bxf5 13. exf5 d5 14. Kh1 Rad8 15. Qc2 Qd7 16. Nb3 e4 17. f3 exf3 18. Bxf3 Ne5 19. Bg2 Neg4 20. Bd4 Qc7 21. Rce1 Bd6 22. Qd3 h5 23. Bxf6 Nxf6 24. Nd2 h4 25. Rf3 hxg3 26. hxg3 Ng4 27. Nf1 Ne5 28. Qxd5 Nxf3 29. Qxf3 Rfe8 30. Rb1 Re5 31. g4 Qe7 32. Qh3 Qg5 33. Bxb7 a5 34. Bf3 Rde8 35. Rd1 Bc5 36. Qg3 Qh6+ 37. Nh2 Bd6 38. Kg2 Re2+ 39. Bxe2 Bxg3 40. Nf3 Rxe2+ 41. Kxg3 Qb6 42. Rd4 Rxb2 43. g5 Qc7+ 44. Kh3 Rf2 45. Kg4 Rg2+ 46. Kh5 g6+ 47. Kh4 Qg3# 0-1

[Event "Bayern-ch (Women)"]
[Site "Rosenheim"]
[Date "2015.08.22"]
[Round "1"]
[White "Stegmaier, Erika"]
[Black "Mueller, Liliane"]
[Result "1/2-1/2"]
[WhiteElo "1619"]
[BlackElo "1762"]
[PlyCount "62"]
[EventDate "2015.08.22"]
[EventType "tourn"]
[EventRounds "9"]
[EventCountry "GER"]
[SourceTitle "EXT 2019"]
[Source "ChessBase"]
[SourceDate "2018.10.10"]
[SourceVersion "1"]
[SourceVersionDate "2018.10.10"]
[SourceQuality "1"]

1. c4 e6 2. g3 Nf6 3. Bg2 c5 4. Nc3 Nc6 5. e3 a6 6. Nge2 Be7 7. 0-0 Rb8 8. d4 0-0 9. d5 exd5 10. cxd5 Qc7 11. dxc6 bxc6 12. b3 d5 13. Bb2 Bf5 14. Rc1 Rfd8 15. Na4 h5 16. Nxc5 Qc8 17. Be5 Rb5 18. Nd3 Ng4 19. Bb2 h4 20. Ndf4 hxg3 21. fxg3 Nxe3 22. Qd4 Bf6 23. Qxe3 Bxb2 24. Rc5 d4 25. Qe5 d3 26. Qxb2 Rxc5 27. Nd4 Bg6 28. Nxg6 fxg6 29. Be4 Qg4 30. Rf4 Qd1+ 31. Rf1 Qg4 1/2-1/2

[Event "Bayern-ch (Women)"]
[Site "Rosenheim"]
[Date "2014.08.24"]
[Round "3"]
[White "Stegmaier, Erika"]
[Black "Hastreiter, Laura"]
[Result "0-1"]
[WhiteElo "1565"]
[BlackElo "1764"]
[PlyCount "106"]
[EventDate "2014.08.23"]
[EventType "tourn"]
[EventRounds "9"]
[EventCountry "GER"]
[SourceTitle "EXT 2015"]
[Source "ChessBase"]
[SourceDate "2014.11.20"]
[SourceVersion "1"]
[SourceVersionDate "2014.11.20"]
[SourceQuality "1"]

1. c4 e6 2. g3 Nf6 3. Bg2 d5 4. cxd5 exd5 5. e3 Bd6 6. Nc3 c6 7. d4 Bf5 8. Nf3 Nbd7 9. 0-0 0-0 10. Nd2 Re8 11. Re1 Ne4 12. Ndxe4 dxe4 13. Qc2 Nf6 14. a3 Qe7 15. b4 Nd5 16. Bb2 Nxc3 17. Qxc3 Rac8 18. Rad1 Bg4 19. Rc1 h5 20. h4 g5 21. hxg5 Qxg5 22. d5 Be5 23. Qd2 Bxb2 24. Qxb2 cxd5 25. Qd4 b6 26. b5 Be6 27. a4 Qg7 28. Qb4 h4 29. Qd6 hxg3 30. fxg3 Qg5 31. Rc6 Red8 32. Qf4 Qxf4 33. exf4 Rxc6 34. bxc6 Rc8 35. Rc1 Rc7 36. Bf1 Kf8 37. Kf2 Ke7 38. Ke3 Kd6 39. Bb5 Bc8 40. a5 bxa5 41. Rc3 a6 42. Ba4 Bb7 43. Kd4 Bxc6 44. Bxc6 Rxc6 45. Ra3 Rc4+ 46. Ke3 a4 47. g4 Rb4 48. Kd2 d4 49. g5 Ke6 50. Ra1 Kf5 51. Rf1 Rb2+ 52. Kc1 a3 53. Rd1 d3 0-1

[Event "Bayern-ch (Women)"]
[Site "Westerndorf St Peter"]
[Date "2013.08.29"]
[Round "7"]
[White "Stegmaier, Erika"]
[Black "Rascher, Helena"]
[Result "1-0"]
[WhiteElo "1529"]
[BlackElo "1257"]
[PlyCount "99"]
[EventDate "2013.08.25"]
[EventType "swiss"]
[EventRounds "9"]
[EventCountry "GER"]
[SourceTitle "EXT 2019"]
[Source "ChessBase"]
[SourceDate "2018.10.10"]
[SourceVersion "1"]
[SourceVersionDate "2018.10.10"]
[SourceQuality "1"]

1. c4 c5 2. Nc3 Nc6 3. g3 b6 4. Bg2 Bb7 5. e3 e6 6. Nge2 Nf6 7. 0-0 Be7 8. d4 cxd4 9. exd4 d5 10. cxd5 Nxd5 11. Nxd5 exd5 12. Nc3 0-0 13. Nxd5 Na5 14. Nxe7+ Qxe7 15. Re1 Qd7 16. b3 Bxg2 17. Kxg2 Rfd8 18. Bb2 Qd5+ 19. Kf1 Nc6 20. Qc2 Nxd4 21. Bxd4 Qxd4 22. Rac1 h6 23. Re7 Qd6 24. Rce1 g6 25. Qc4 Rf8 26. h4 Kg7 27. Rc7 a6 28. Ree7 Qf6 29. a4 Qf3 30. Re3 Qf6 31. Rc6 b5 32. Qc2 Qa1+ 33. Kg2 b4 34. Rf3 a5 35. Rc7 Qd4 36. Qc6 Ra7 37. Rxa7 Qxa7 38. Qf6+ Kg8 39. h5 Qc5 40. hxg6 Qg5 41. gxf7+ Kh7 42. Qxg5 hxg5 43. Rf5 Kg6 44. Rxa5 Rxf7 45. Rb5 g4 46. Rxb4 Kg5 47. Rb5+ Kg6 48. a5 Kf6 49. a6 Ke6 50. Rb7 1-0

[Event "Bayern-ch (Women)"]
[Site "Westerndorf St Peter"]
[Date "2013.08.28"]
[Round "6"]
[White "Hastreiter, Laura"]
[Black "Stegmaier, Erika"]
[Result "1-0"]
[WhiteElo "1752"]
[BlackElo "1529"]
[PlyCount "29"]
[EventDate "2013.08.25"]
[EventType "swiss"]
[EventRounds "9"]
[EventCountry "GER"]
[SourceTitle "EXT 2019"]
[Source "ChessBase"]
[SourceDate "2018.10.10"]
[SourceVersion "1"]
[SourceVersionDate "2018.10.10"]
[SourceQuality "1"]

1. e4 c5 2. Nf3 Nc6 3. d4 cxd4 4. Nxd4 a6 5. Bc4 e6 6. 0-0 Ne5 7. Bb3 Nf6 8. f4 Ng6 9. e5 Ne4 10. Qd2 d5 11. exd6 Nxd6 12. f5 Ne7 13. fxe6 Bxe6 14. Nxe6 Qb6+ 15. Qe3 1-0

[Event "Bayern-ch (Women)"]
[Site "Westerndorf St Peter"]
[Date "2013.08.26"]
[Round "3"]
[White "Stegmaier, Erika"]
[Black "Nieberle, Cornelia"]
[Result "0-1"]
[WhiteElo "1529"]
[BlackElo "1726"]
[PlyCount "114"]
[EventDate "2013.08.25"]
[EventType "swiss"]
[EventRounds "9"]
[EventCountry "GER"]
[SourceTitle "EXT 2019"]
[Source "ChessBase"]
[SourceDate "2018.10.10"]
[SourceVersion "1"]
[SourceVersionDate "2018.10.10"]
[SourceQuality "1"]

1. c4 e5 2. g3 Nc6 3. Bg2 d6 4. e3 Be6 5. d3 d5 6. cxd5 Bxd5 7. Nf3 Nf6 8. 0-0 Be7 9. Nc3 Be6 10. a3 h6 11. b4 a6 12. Bb2 Qd7 13. Rc1 Bh3 14. Na4 Bxg2 15. Kxg2 Bd6 16. Nc5 Qc8 17. e4 0-0 18. Nh4 Bxc5 19. Rxc5 Qe6 20. Nf5 Rfd8 21. Qe2 Nd7 22. Rc3 Nf6 23. Rfc1 Rd7 24. Rc5 Rad8 25. R5c3 g6 26. Ne3 Nd4 27. Qd1 c6 28. Nc4 Nb5 29. Rb3 Nd4 30. Rbc3 Ne8 31. a4 Nd6 32. Nxd6 Rxd6 33. h3 Kg7 34. Qf1 Qa2 35. Ba1 Qxa4 36. Rc4 Qa2 37. Bxd4 Rxd4 38. Rxd4 Rxd4 39. Ra1 Qb3 40. Rd1 Qxb4 41. Rb1 Qe7 42. Rb3 Rb4 43. Rc3 a5 44. Qa1 Qc7 45. Rc5 Rb5 46. Rc4 c5 47. Qc1 b6 48. Qa1 Qd6 49. f4 f6 50. fxe5 fxe5 51. Rc2 Qd4 52. Qf1 Rb2 53. Rxb2 Qxb2+ 54. Kh1 a4 55. Qd1 b5 56. Qg4 Qb1+ 57. Kh2 Qxd3 0-1

[Event "BL2 Sued 1213 (Women)"]
[Site "Germany"]
[Date "2013.03.09"]
[Round "6.6"]
[White "Stegmaier, Erika"]
[Black "Brandl, Lea Maria"]
[Result "0-1"]
[WhiteElo "1551"]
[BlackElo "1666"]
[PlyCount "86"]
[EventDate "2012.10.06"]
[EventType "team-tourn"]
[EventRounds "7"]
[EventCountry "GER"]
[SourceTitle "EXT 2018"]
[Source "ChessBase"]
[SourceDate "2017.10.13"]
[SourceVersion "1"]
[SourceVersionDate "2017.10.13"]
[SourceQuality "1"]
[WhiteTeam "Neuperlach (W)"]
[BlackTeam "Hofheim (W)"]
[WhiteTeamCountry "GER"]
[BlackTeamCountry "GER"]

1. c4 e6 2. Nc3 d5 3. cxd5 exd5 4. d4 Nf6 5. Nf3 Nbd7 6. Bg5 c6 7. e3 Be7 8. Bd3 0-0 9. 0-0 Re8 10. Qc2 Nf8 11. Rac1 Be6 12. Bf4 Nh5 13. Ne2 Bg4 14. Ne5 Bxe2 15. Qxe2 Nxf4 16. exf4 f6 17. Nf3 Bd6 18. Qd2 Qc7 19. g3 Rad8 20. Rce1 Qb6 21. a3 c5 22. dxc5 Bxc5 23. b4 Bd6 24. Bc2 Rxe1 25. Rxe1 Kh8 26. Nd4 Bb8 27. Qd3 g6 28. h4 Qd6 29. h5 f5 30. hxg6 hxg6 31. Nf3 Qf6 32. Ne5 Bxe5 33. fxe5 Qf7 34. Qd4 Ne6 35. Qxa7 d4 36. Bd3 Ng5 37. Be2 d3 38. Bd1 d2 39. Re3 Qd5 40. Qc5 Nh3+ 41. Kh2 Qxc5 42. bxc5 Nxf2 43. Bb3 Ng4+ 0-1

[Event "BL2 Sued 1213 (Women)"]
[Site "Germany"]
[Date "2012.10.07"]
[Round "2.6"]
[White "Stegmaier, Erika"]
[Black "Muench, Ursula"]
[Result "0-1"]
[WhiteElo "1551"]
[BlackElo "1691"]
[PlyCount "114"]
[EventDate "2012.10.06"]
[EventType "team-tourn"]
[EventRounds "7"]
[EventCountry "GER"]
[SourceTitle "EXT 2018"]
[Source "ChessBase"]
[SourceDate "2017.10.13"]
[SourceVersion "1"]
[SourceVersionDate "2017.10.13"]
[SourceQuality "1"]
[WhiteTeam "Neuperlach (W)"]
[BlackTeam "Augsburg SG (W)"]
[WhiteTeamCountry "GER"]
[BlackTeamCountry "GER"]

1. c4 e5 2. g3 g6 3. Bg2 Bg7 4. Nc3 Ne7 5. e3 0-0 6. Nge2 c6 7. 0-0 d5 8. cxd5 cxd5 9. d4 exd4 10. exd4 Nbc6 11. Bf4 Be6 12. Nb5 a6 13. Nc7 Rc8 14. Nxe6 fxe6 15. Bh3 Nf5 16. Bxf5 exf5 17. Qd2 Qa5 18. Rfd1 Rfe8 19. a3 Re6 20. b4 Qd8 21. Bh6 Bxh6 22. Qxh6 Rxe2 23. Qf4 Re4 24. Qf3 Nxd4 25. Qg2 Rc2 26. Rd3 Rce2 27. Rdd1 Nc2 28. Rac1 Re1+ 29. Rxe1 Rxe1+ 30. Rxe1 Nxe1 31. Qf1 Qe7 32. h4 Qe4 33. Kh2 Nf3+ 34. Kh3 Qg4+ 35. Kg2 Nxh4+ 36. Kh2 Nf3+ 37. Kg2 Qe4 38. Kh3 Nd2 39. Qc1 Nc4 40. Kh2 Qf3 41. Qe1 Qe4 42. Qc1 b5 43. Qg5 d4 44. Qd8+ Kg7 45. Qd7+ Kh6 46. Qf7 Qe5 47. Qf8+ Kh5 48. Qf7 Kh6 49. Qf8+ Qg7 50. Qd8 g5 51. Qd5 Qf6 52. Qf3 Ne5 53. Qh1 Kg6 54. Qd5 d3 55. Qg8+ Kh6 56. Qd5 d2 57. Kg2 Qc6 0-1

[Event "BL2 Sued 1213 (Women)"]
[Site "Germany"]
[Date "2012.10.06"]
[Round "1.6"]
[White "Mijatovic, Andrea"]
[Black "Stegmaier, Erika"]
[Result "1-0"]
[WhiteElo "1972"]
[BlackElo "1551"]
[PlyCount "81"]
[EventDate "2012.10.06"]
[EventType "team-tourn"]
[EventRounds "7"]
[EventCountry "GER"]
[SourceTitle "EXT 2018"]
[Source "ChessBase"]
[SourceDate "2017.10.13"]
[SourceVersion "1"]
[SourceVersionDate "2017.10.13"]
[SourceQuality "1"]
[WhiteTeam "Stuttgart Wolfbusch (W)"]
[BlackTeam "Neuperlach (W)"]
[WhiteTeamCountry "GER"]
[BlackTeamCountry "GER"]

1. e4 c5 2. Nf3 Nc6 3. d4 a6 4. d5 Na7 5. Be3 d6 6. Be2 e5 7. 0-0 Nf6 8. Nfd2 Be7 9. c3 0-0 10. Na3 b5 11. Nc2 Bd7 12. b3 Nc8 13. Kh1 Nb6 14. Rg1 Qc8 15. g4 Rb8 16. g5 Nfxd5 17. exd5 Nxd5 18. c4 Nc3 19. Qe1 Nxe2 20. Qxe2 Bc6+ 21. f3 Qf5 22. Ne1 Rbd8 23. Qd3 Qxd3 24. Nxd3 g6 25. Ne4 Kg7 26. Kg2 bxc4 27. bxc4 Rb8 28. Rab1 Ba4 29. Rb2 Bc6 30. Rgb1 Rxb2+ 31. Rxb2 Ba4 32. Nc3 Bd7 33. Rb6 Bf5 34. Nf2 Ra8 35. Nd5 Bf8 36. Nc7 Ra7 37. Ne8+ Kg8 38. Nxd6 Bxd6 39. Rxd6 Bb1 40. Bxc5 Rc7 41. Rd8+ 1-0

[Event "Bayern-ch (Women) 83th"]
[Site "Bayerisch Eisenstein"]
[Date "2012.08.23"]
[Round "6"]
[White "Homfeldt, Maren"]
[Black "Stegmaier, Erika"]
[Result "0-1"]
[WhiteElo "848"]
[BlackElo "1451"]
[PlyCount "66"]
[EventDate "2012.08.18"]
[EventType "swiss"]
[EventRounds "9"]
[EventCountry "GER"]
[SourceTitle "EXT 2013"]
[Source "ChessBase"]
[SourceDate "2012.11.22"]
[SourceVersion "1"]
[SourceVersionDate "2012.11.22"]
[SourceQuality "1"]

1. g3 Nf6 2. h3 e6 3. Bg2 d5 4. e3 Nbd7 5. Ne2 Bd6 6. b3 0-0 7. Bb2 Re8 8. d3 c5 9. Nd2 Qc7 10. 0-0 b6 11. c4 Bb7 12. cxd5 exd5 13. Qc2 Rac8 14. e4 d4 15. f4 Bf8 16. Rf2 a6 17. g4 g6 18. e5 Bxg2 19. Rxg2 Nd5 20. Bxd4 cxd4 21. Qxc7 Rxc7 22. Nxd4 Nxf4 23. Rg3 Rxe5 24. N2f3 Rec5 25. Ne1 Rc3 26. Ne2 Nxe2+ 27. Kg2 Nxg3 28. Kxg3 Bd6+ 29. Kh4 Ne5 30. Kg5 Nxd3 31. Ng2 R7c5+ 32. Kh4 Nf2 33. Re1 Bg3# 0-1

[Event "Bayern-ch (Women) 83th"]
[Site "Bayerisch Eisenstein"]
[Date "2012.08.20"]
[Round "3"]
[White "Stegmaier, Erika"]
[Black "Reichart, Barbara"]
[Result "1-0"]
[WhiteElo "1451"]
[BlackElo "1521"]
[PlyCount "109"]
[EventDate "2012.08.18"]
[EventType "swiss"]
[EventRounds "9"]
[EventCountry "GER"]
[SourceTitle "EXT 2013"]
[Source "ChessBase"]
[SourceDate "2012.11.22"]
[SourceVersion "1"]
[SourceVersionDate "2012.11.22"]
[SourceQuality "1"]

1. c4 Nf6 2. g3 d6 3. Bg2 c5 4. Nc3 g6 5. e3 Bd7 6. Bxb7 Bc6 7. Bxc6+ Nxc6 8. Qf3 Ne5 9. Qe2 Qc8 10. d4 Qb7 11. d5 Bg7 12. Nf3 Nxf3+ 13. Qxf3 0-0 14. 0-0 Nd7 15. e4 Ne5 16. Qe2 Qd7 17. Bf4 Rab8 18. Rab1 Qh3 19. Bxe5 Bxe5 20. Nd1 h5 21. Ne3 Kg7 22. b3 Rh8 23. Qf3 h4 24. Qg4 hxg3 25. Qxh3 Rxh3 26. fxg3 Rbh8 27. Ng4 Bd4+ 28. Kg2 R3h5 29. h4 f5 30. exf5 gxf5 31. Nh2 Rf8 32. Rbe1 Bf6 33. a3 a5 34. Rf3 Rg8 35. Nf1 Kf7 36. Kh3 Ke8 37. Ne3 Be5 38. Ng2 Rg4 39. Ne3 Rg8 40. Nf1 Rg4 41. Rxf5 Rxf5 42. Kxg4 Rf8 43. Kh3 Rf3 44. Rb1 a4 45. bxa4 Rxa3 46. Kg4 Rxa4 47. Rc1 Ra2 48. Kh5 Kf7 49. g4 Ra8 50. g5 Rh8+ 51. Kg4 Kg6 52. Ne3 Bd4 53. Nf5 Rf8 54. Rf1 Rf7 55. h5+ 1-0